| 000 | 00817nam a22002897a 4500 | ||
|---|---|---|---|
| 999 |
_c2374 _d2374 |
||
| 003 | OSt | ||
| 005 | 20230502125744.0 | ||
| 008 | 230502b ||||| |||| 00| 0 eng d | ||
| 020 | _a9789865546038 | ||
| 040 | _cKH8 | ||
| 082 | _a495 YEH | ||
| 100 |
_aYeh, Shao-Ping, _eauthor. |
||
| 245 |
_aAmazing Chinese 3 : _bTextbook/ _cShao-Ping Yeh. |
||
| 260 |
_aTaiwan : _bKang Hsuan Educational Publishing Corp., _c2020. |
||
| 300 |
_a171 pages : _billustrations. |
||
| 490 |
_aAmazing Chinese _v3 |
||
| 500 | _aAmazing Chinese | ||
| 500 | _alesson learning | ||
| 500 | _ateaching materials | ||
| 700 |
_aChen, Lifen _eauthor |
||
| 700 |
_aDawei, Wei _eauthor |
||
| 700 |
_aTam, Hugo Wing-Yu _eauthor |
||
| 700 |
_aTu, Jessy _eauthor |
||
| 700 |
_aKai, Luk _eauthor |
||
| 700 |
_aLin, Yu _eauthor |
||
| 942 |
_2ddc _cTR |
||